[Event "GER-chT U12"]
[Site "Verden an der Aller"]
[Date "2006.12.28"]
[Round "4.2"]
[White "Lebek, Ricarda"]
[Black "Lindner, Sebastian"]
[Result "1-0"]
[WhiteElo "1389"]
[BlackElo "1588"]
[PlyCount "67"]
[EventDate "2006.12.27"]
[EventType "team-swiss"]
[EventRounds "7"]
[EventCountry "GER"]
[SourceTitle "EXT 2008"]
[Source "ChessBase"]
[SourceDate "2007.11.25"]
[SourceVersion "1"]
[SourceVersionDate "2007.11.25"]
[SourceQuality "1"]
[WhiteTeam "Ricklingen U12"]
[BlackTeam "Grossroehrsdorf U12"]
[WhiteTeamCountry "GER"]
[BlackTeamCountry "GER"]

1. e4 c5 2. Nf3 d6 3. d4 cxd4 4. Nxd4 Nf6 5. Nc3 a6 6. f3 e6 7. Be3 b5 8. Qd2 Bb7 9. g4 h6 10. 0-0-0 Nbd7 11. h4 Nb6 12. Rg1 Nfd7 13. g5 hxg5 14. hxg5 Ne5 15. g6 Nec4 16. gxf7+ Kxf7 17. Qg2 Qf6 18. Bg5 Qg6 19. Bd3 Ne5 20. Qd2 Nbd7 21. f4 Nxd3+ 22. Qxd3 Nc5 23. Qe3 Nxe4 24. f5 exf5 25. Nxf5 Re8 26. Bh4 Qe6 27. Qa7 Nc5 28. Rge1 Qxe1 29. Rxe1 Rxh4 30. Rf1 Rh5 31. Nxd6+ Kg8 32. Nxe8 Re5 33. Nc7 Re7 34. Qb8 1-0

[Event "GER-chT U12"]
[Site "Verden an der Aller"]
[Date "2006.12.28"]
[Round "3.2"]
[White "Oberpriller, Johannes"]
[Black "Lebek, Ricarda"]
[Result "0-1"]
[WhiteElo "1309"]
[BlackElo "1389"]
[PlyCount "130"]
[EventDate "2006.12.27"]
[EventType "team-swiss"]
[EventRounds "7"]
[EventCountry "GER"]
[SourceTitle "EXT 2008"]
[Source "ChessBase"]
[SourceDate "2007.11.25"]
[SourceVersion "1"]
[SourceVersionDate "2007.11.25"]
[SourceQuality "1"]
[WhiteTeam "Ergolding FC U12"]
[BlackTeam "Ricklingen U12"]
[WhiteTeamCountry "GER"]
[BlackTeamCountry "GER"]

1. e4 c5 2. Nf3 d6 3. d4 cxd4 4. Nxd4 Nf6 5. Nc3 a6 6. Be3 e5 7. Nf3 b5 8. a3 Bb7 9. Bd3 Nbd7 10. 0-0 Be7 11. Re1 0-0 12. Bg5 h6 13. Bxf6 Nxf6 14. h3 Rc8 15. Qd2 Re8 16. Rad1 Bf8 17. Bf1 Qc7 18. Rc1 Qb8 19. Nh4 g6 20. g3 Qa8 21. Bd3 Qa7 22. Qe3 Qa8 23. Rcd1 Qb8 24. Ng2 Ba8 25. Qf3 Kg7 26. Kh2 Nd7 27. Rd2 Nb6 28. Qe2 Qb7 29. f3 Be7 30. Qe3 Rf8 31. Rde2 f6 32. Qd2 Rcd8 33. Qe3 Rf7 34. f4 Rc8 35. fxe5 dxe5 36. Rf1 Nc4 37. Bxc4 Rxc4 38. Qd3 Rd4 39. Qe3 Bc5 40. Qf3 Qd7 41. Rff2 f5 42. Nh4 g5 43. Nxf5+ Kg6 44. g4 a5 45. Qg3 Rc4 46. Rf1 Bd4 47. Rd1 b4 48. Nxd4 Rxd4 49. Rxd4 Qxd4 50. Nb5 Qc4 51. Qd3 Qxd3 52. cxd3 Rd7 53. Rd2 Bc6 54. a4 Bxe4 55. Kg3 Bxd3 56. Nc3 bxc3 57. bxc3 e4 58. Kf2 Rc7 59. Rd1 Rxc3 60. Ra1 Kf6 61. Kg3 Ke5 62. Kg2 Rc2+ 63. Kg1 Kf4 64. h4 Rb2 65. hxg5 hxg5 0-1

[Event "GER-chT U12"]
[Site "Verden an der Aller"]
[Date "2006.12.27"]
[Round "2.2"]
[White "Lebek, Ricarda"]
[Black "Schubert, Torsten"]
[Result "1-0"]
[WhiteElo "1389"]
[BlackElo "1338"]
[PlyCount "95"]
[EventDate "2006.12.27"]
[EventType "team-swiss"]
[EventRounds "7"]
[EventCountry "GER"]
[SourceTitle "EXT 2008"]
[Source "ChessBase"]
[SourceDate "2007.11.25"]
[SourceVersion "1"]
[SourceVersionDate "2007.11.25"]
[SourceQuality "1"]
[WhiteTeam "Ricklingen U12"]
[BlackTeam "Limburgerhof U12"]
[WhiteTeamCountry "GER"]
[BlackTeamCountry "GER"]

1. e4 c5 2. Nf3 d6 3. d4 cxd4 4. Nxd4 Nf6 5. Nc3 g6 6. Be2 Bg7 7. 0-0 0-0 8. Bg5 Nc6 9. Nb3 Be6 10. Kh1 Rc8 11. f4 Qd7 12. Qd2 a6 13. a4 Rcd8 14. Rad1 Ng4 15. h3 f6 16. Bh4 Nh6 17. Kh2 Nb4 18. Nd4 f5 19. Nxe6 Qxe6 20. Nd5 Nxd5 21. exd5 Qd7 22. b3 Rc8 23. Bd3 Kh8 24. Qe3 Rf7 25. Rfe1 Re8 26. Re2 Kg8 27. Rde1 Bc3 28. Rf1 Kh8 29. Bxa6 bxa6 30. Qxc3+ Kg8 31. Bg5 Ng4+ 32. hxg4 fxg4 33. Re6 Rc8 34. Qd3 Qe8 35. Rfe1 Rc7 36. Rxd6 Qc8 37. Rxa6 g3+ 38. Kh1 Rxc2 39. Ra8 Qxa8 40. Qxc2 Qxd5 41. Rd1 Qa5 42. Qd2 Qc5 43. Qd8+ Kg7 44. Qd4+ Qxd4 45. Rxd4 h6 46. Bh4 g5 47. Bxg3 gxf4 48. Rxf4 1-0

[Event "Saarbruecken-chT U20"]
[Site "Saarbruecken"]
[Date "2006.11.21"]
[Round "2.8"]
[White "Lebek, Ricarda"]
[Black "Rosenfeld, Elisabeth"]
[Result "1-0"]
[WhiteElo "1389"]
[BlackElo "1291"]
[PlyCount "71"]
[EventDate "2006.11.??"]
[EventType "team"]
[EventRounds "7"]
[EventCountry "GER"]
[SourceTitle "EXT 2008"]
[Source "ChessBase"]
[SourceDate "2007.11.25"]
[SourceVersion "1"]
[SourceVersionDate "2007.11.25"]
[SourceQuality "1"]

1. e4 e5 2. Bc4 Nf6 3. d3 Bc5 4. Nf3 Nc6 5. Bb3 0-0 6. c3 Bb6 7. 0-0 d6 8. Nbd2 Be6 9. Bc2 d5 10. h3 Qd7 11. Nh2 Rad8 12. Qf3 Ne7 13. Re1 Ng6 14. Ndf1 h6 15. Bxh6 Nxe4 16. dxe4 gxh6 17. Qh5 Kg7 18. Ng3 dxe4 19. Bxe4 f5 20. Bxb7 c6 21. Ba6 Nf4 22. Qd1 Qe7 23. Qc2 h5 24. Rxe5 Qf6 25. Rae1 Kg6 26. Nf3 h4 27. Ne2 Bd5 28. Nxf4+ Kh7 29. Nxd5 Rxd5 30. Rxd5 cxd5 31. Qe2 Rf7 32. Qe5 Qh6 33. Qxd5 Qf6 34. Ng5+ Qxg5 35. Qxf7+ Kh6 36. Re6+ 1-0

[Event "GER North-chT U16"]
[Site "Magdeburg"]
[Date "2006.08.28"]
[Round "5.2"]
[White "Hort, Max"]
[Black "Lebek, Ricarda"]
[Result "1-0"]
[WhiteElo "1250"]
[BlackElo "1501"]
[PlyCount "55"]
[EventDate "2006.08.26"]
[EventType "team"]
[EventRounds "7"]
[EventCountry "GER"]
[SourceTitle "EXT 2007"]
[Source "ChessBase"]
[SourceDate "2006.11.23"]
[SourceVersion "1"]
[SourceVersionDate "2006.11.23"]
[SourceQuality "1"]

1. e4 c5 2. d4 cxd4 3. c3 dxc3 4. Nxc3 Nc6 5. Bc4 g6 6. Nf3 Bg7 7. Bf4 a6 8. Qd2 Nf6 9. 0-0 0-0 10. Bh6 b5 11. Bb3 b4 12. Bxg7 Kxg7 13. e5 Ne8 14. Ne2 h6 15. Ned4 Nxd4 16. Nxd4 Qb6 17. Qe3 Rb8 18. Rad1 Nc7 19. Qg3 Kh7 20. Rfe1 Nb5 21. Nxb5 Qxb5 22. Rd5 Qb6 23. Rd3 Qc7 24. Qf4 f6 25. Rh3 g5 26. Qf5+ Kg7 27. exf6+ exf6 28. Re7+ 1-0

[Event "GER-ch U12"]
[Site "Willingen"]
[Date "2006.06.09"]
[Round "11"]
[White "Rosenkranz, Christian"]
[Black "Lebek, Ricarda"]
[Result "1/2-1/2"]
[WhiteElo "1495"]
[BlackElo "1577"]
[PlyCount "84"]
[EventDate "2006.06.03"]
[EventType "swiss"]
[EventRounds "11"]
[EventCountry "GER"]
[SourceTitle "EXT 2007"]
[Source "ChessBase"]
[SourceDate "2006.11.23"]
[SourceVersion "1"]
[SourceVersionDate "2006.11.23"]
[SourceQuality "1"]

1. e4 e6 2. b3 c5 3. Bb2 a6 4. Nf3 Nc6 5. d4 cxd4 6. Nxd4 Qf6 7. Bc3 Bb4 8. Bxb4 Nxb4 9. c3 Nc6 10. Be2 Qg6 11. Bf3 Ne5 12. 0-0 Nf6 13. Re1 b6 14. c4 Bb7 15. Nc3 Rc8 16. Rc1 h5 17. Nf5 Nxf3+ 18. Qxf3 Qxf5 19. exf5 Bxf3 20. gxf3 Kd8 21. fxe6 fxe6 22. Rcd1 Re8 23. Ne4 Rc6 24. Nd6 Re7 25. Kg2 Kc7 26. Nf5 Rf7 27. Nd4 Rc5 28. Rc1 Rg5+ 29. Kf1 e5 30. Ne2 Nh7 31. Ng1 Rgf5 32. c5 b5 33. b4 Ng5 34. Rc2 Nxf3 35. Nxf3 Rxf3 36. Rxe5 R3f5 37. Rxf5 Rxf5 38. Ke2 Rf4 39. a3 Rh4 40. Rd2 Rh3 41. Rd3 Rxh2 42. Rd6 Rh1 1/2-1/2

[Event "GER-ch U12"]
[Site "Willingen"]
[Date "2006.06.07"]
[Round "8"]
[White "Lebek, Ricarda"]
[Black "Schareck, Martin"]
[Result "1-0"]
[WhiteElo "1577"]
[BlackElo "1294"]
[PlyCount "81"]
[EventDate "2006.06.03"]
[EventType "swiss"]
[EventRounds "11"]
[EventCountry "GER"]
[SourceTitle "EXT 2007"]
[Source "ChessBase"]
[SourceDate "2006.11.23"]
[SourceVersion "1"]
[SourceVersionDate "2006.11.23"]
[SourceQuality "1"]

1. e4 c5 2. Nf3 d6 3. d4 cxd4 4. Qxd4 Nc6 5. Bb5 Bg4 6. Qd3 Bxf3 7. Qxf3 e6 8. Nc3 Nge7 9. 0-0 g6 10. Bg5 Bg7 11. Bf6 0-0 12. Bxg7 Kxg7 13. Rfd1 a6 14. Ba4 Ne5 15. Qg3 N7c6 16. Bb3 Qe7 17. f4 Nd7 18. Qd3 e5 19. Qxd6 Qxd6 20. Rxd6 Rad8 21. Rad1 Nc5 22. Rxd8 Rxd8 23. Rxd8 Nxd8 24. g3 exf4 25. gxf4 Nde6 26. Bxe6 Nxe6 27. Ne2 Nc5 28. e5 f6 29. exf6+ Kxf6 30. Kf2 Kf5 31. Kf3 h6 32. Ng3+ Ke6 33. Ne4 b6 34. Nxc5+ bxc5 35. Ke4 g5 36. fxg5 hxg5 37. c3 a5 38. b3 g4 39. Kf4 Kd5 40. Kxg4 c4 41. h4 1-0

[Event "GER-ch U12"]
[Site "Willingen"]
[Date "2006.06.07"]
[Round "7"]
[White "Stoevesand, Eric"]
[Black "Lebek, Ricarda"]
[Result "0-1"]
[WhiteElo "1244"]
[BlackElo "1577"]
[PlyCount "110"]
[EventDate "2006.06.03"]
[EventType "swiss"]
[EventRounds "11"]
[EventCountry "GER"]
[SourceTitle "EXT 2007"]
[Source "ChessBase"]
[SourceDate "2006.11.23"]
[SourceVersion "1"]
[SourceVersionDate "2006.11.23"]
[SourceQuality "1"]

1. e4 c5 2. Nf3 d6 3. d4 cxd4 4. Nxd4 Nf6 5. Nc3 a6 6. f3 e5 7. Nb3 Be6 8. Be3 Be7 9. Qd2 Nbd7 10. 0-0-0 0-0 11. h4 b5 12. h5 Nb6 13. g4 Nc4 14. Bxc4 bxc4 15. Na1 Qc7 16. g5 Nd7 17. g6 Rab8 18. Bh6 Qb7 19. b3 cxb3 20. axb3 Qb4 21. Rdg1 Bf6 22. Rh2 Qd4 23. Rhg2 Qxd2+ 24. Bxd2 fxg6 25. hxg6 h6 26. Ne2 Rfc8 27. Kd1 Nc5 28. Nc3 Rf8 29. Rf2 Bh4 30. Rh2 Bd8 31. Rf1 Rf6 32. Rg1 Rxf3 33. Nd5 Nxe4 34. Ne3 Nxd2 35. Kxd2 Bb6 36. Re1 Ba5+ 37. Ke2 Rxe3+ 38. Kxe3 Bxe1 39. Kd3 Bf5+ 40. Kc4 Rb4+ 41. Kd5 Rd4+ 42. Kc6 Rd2 43. Rh1 Be4+ 44. Kb6 Bxh1 45. Kxa6 Rd1 46. b4 Rxa1+ 47. Kb6 Bxb4 48. c4 Ba5+ 49. Kb5 Rb1+ 50. Kxa5 e4 51. c5 dxc5 52. Ka6 e3 53. Ka7 e2 54. Ka6 e1Q 55. Ka7 Qa5# 0-1

[Event "GER-ch U12"]
[Site "Willingen"]
[Date "2006.06.05"]
[Round "5"]
[White "Alber, Alexander"]
[Black "Lebek, Ricarda"]
[Result "1-0"]
[WhiteElo "1398"]
[BlackElo "1577"]
[PlyCount "133"]
[EventDate "2006.06.03"]
[EventType "swiss"]
[EventRounds "11"]
[EventCountry "GER"]
[SourceTitle "EXT 2007"]
[Source "ChessBase"]
[SourceDate "2006.11.23"]
[SourceVersion "1"]
[SourceVersionDate "2006.11.23"]
[SourceQuality "1"]

1. Nf3 c5 2. c4 Nc6 3. g3 g6 4. Bg2 Bg7 5. 0-0 e5 6. Nc3 d6 7. e4 Nge7 8. d3 0-0 9. Be3 Rb8 10. Ne1 f5 11. f4 Be6 12. Nd5 a6 13. Nf3 h6 14. Qd2 Kh7 15. Kf2 b5 16. Nxe7 Nxe7 17. fxe5 dxe5 18. cxb5 fxe4 19. dxe4 Qxd2+ 20. Bxd2 axb5 21. Kg1 Ra8 22. a3 Ra4 23. Rae1 Raa8 24. Bc3 Nc6 25. Rd1 Rad8 26. Rc1 Nd4 27. Bxd4 cxd4 28. Rfd1 Rc8 29. Kf2 Kg8 30. Ke1 Bb3 31. Rxc8 Rxc8 32. Rd2 Kf7 33. Bh3 Rc1+ 34. Ke2 Ke7 35. Nh4 Kf7 36. Bd7 Bc4+ 37. Kf2 Rf1+ 38. Kg2 Re1 39. Bc6 Bf8 40. Rf2+ Kg7 41. Nxg6 Kxg6 42. Rxf8 Bd3 43. Rg8+ Kf7 44. Bd5+ Ke7 45. Rg7+ Kf8 46. Rg8+ Ke7 47. Rg4 Re2+ 48. Kh3 Rxb2 49. Rg6 Bf1+ 50. Kg4 Be2+ 51. Kf5 d3 52. Kxe5 Rc2 53. Rg7+ Kd8 54. Kd6 Bh5 55. Rg8+ Be8 56. Bf7 Rc6+ 57. Kd5 Ke7 58. Bxe8 Rd6+ 59. Ke5 Rd8 60. Bf7 Rd7 61. Bb3 d2 62. Rg7+ Kd8 63. Rxd7+ Kxd7 64. Bd1 Kc6 65. Kd4 Kd6 66. e5+ Ke6 67. h3 1-0

[Event "GER-ch U12"]
[Site "Willingen"]
[Date "2005.05.21"]
[Round "11"]
[White "Lebek, Ricarda"]
[Black "Garny, Annica"]
[Result "1-0"]
[WhiteElo "1394"]
[BlackElo "1259"]
[PlyCount "115"]
[EventDate "2005.05.14"]
[EventType "swiss"]
[EventRounds "11"]
[EventCountry "GER"]
[SourceTitle "CBM 106 Extra"]
[Source "ChessBase"]
[SourceDate "2005.07.01"]
[SourceVersion "1"]
[SourceVersionDate "2005.07.01"]
[SourceQuality "1"]

1. e4 e5 2. Nf3 Nc6 3. d4 exd4 4. Nxd4 Nf6 5. Nxc6 bxc6 6. e5 Qe7 7. Qe2 Nd5 8. c4 Ba6 9. g3 g6 10. Bg2 Bg7 11. 0-0 Bxe5 12. Re1 Bf6 13. Qd2 Be5 14. cxd5 0-0-0 15. Qe3 Rhe8 16. Qxa7 Bb7 17. Re3 Qb4 18. Rb3 Bd4 19. Rxb4 Bxa7 20. Re4 Rxe4 21. Bxe4 Re8 22. Nc3 cxd5 23. Bxd5 Bxd5 24. Nxd5 Re1+ 25. Kg2 Re2 26. Be3 Bxe3 27. Nxe3 Rxb2 28. a4 c5 29. a5 Kb7 30. Rd1 Kc6 31. Nc4 Re2 32. a6 Re7 33. a7 Re8 34. Rd6+ Kc7 35. Ra6 Kb7 36. Rd6 Kc7 37. Rf6 Ra8 38. Rxf7 Rxa7 39. Rxh7 Ra4 40. Ne5 Rd4 41. Kf3 Rd5 42. Ke4 Rd4+ 43. Ke3 Rd5 44. Nxg6 c4 45. Nf8 c3 46. Rxd7+ Rxd7 47. Nxd7 Kxd7 48. Kd3 Ke6 49. Kxc3 Kf5 50. f3 Kg5 51. Kd4 Kf5 52. f4 Kg6 53. Ke5 Kf7 54. h4 Kg6 55. f5+ Kf7 56. h5 Kg7 57. Ke6 Kf8 58. f6 1-0

[Event "GER-ch U12"]
[Site "Willingen"]
[Date "2005.05.18"]
[Round "7"]
[White "Lebek, Ricarda"]
[Black "Braeuer, Franz"]
[Result "0-1"]
[WhiteElo "1394"]
[BlackElo "1546"]
[PlyCount "98"]
[EventDate "2005.05.14"]
[EventType "swiss"]
[EventRounds "11"]
[EventCountry "GER"]
[SourceTitle "CBM 106 Extra"]
[Source "ChessBase"]
[SourceDate "2005.07.01"]
[SourceVersion "1"]
[SourceVersionDate "2005.07.01"]
[SourceQuality "1"]

1. e4 e5 2. Nf3 Nc6 3. d4 exd4 4. Nxd4 Nf6 5. Nxc6 bxc6 6. e5 Nd5 7. c4 Nb6 8. Be2 Ba6 9. b3 Bb4+ 10. Bd2 Bxd2+ 11. Qxd2 Qe7 12. Qc3 0-0 13. Nd2 Rfe8 14. f4 d6 15. Nf3 Nd7 16. Qa5 dxe5 17. Qxa6 exf4 18. 0-0 Qc5+ 19. Kh1 Rxe2 20. Rad1 Qb6 21. Qxb6 Nxb6 22. Nd4 Rxa2 23. Rxf4 Rd8 24. Re1 h6 25. Nxc6 Rdd2 26. Rg1 Ra3 27. Rb1 Rxb3 28. Rbf1 f6 29. Nxa7 Rc3 30. Nb5 Rxc4 31. Rxc4 Nxc4 32. Nxc7 Ne3 33. Rg1 Rd1 34. Rxd1 Nxd1 35. Kg1 Kf7 36. g4 Ne3 37. h3 Nc2 38. Kf2 Nd4 39. Ke3 Ne6 40. Nxe6 Kxe6 41. Kf4 g6 42. h4 Kd5 43. g5 hxg5+ 44. hxg5 f5 45. Ke3 Ke5 46. Kf3 f4 47. Kg4 Ke4 48. Kh3 Ke3 49. Kg2 f3+ 0-1